Paesi che producono la maggior parte canna da zucchero - Statistics

Statistiche generali
  • Questo quiz è stato fatto 54 volte
  • Il punteggio medio è 14 su 20
Statistiche sulle risposte
milioni di
tonnellate
nazione % Corretto
769 Brasile
98%
22,0 Argentina
94%
123 Cina
90%
348 India
90%
29,9 Stati Uniti
88%
37,0 Colombia
86%
56,4 Messico
82%
9,83 Perù
82%
34,4 Australia
78%
27,2 Indonesia
75%
87,5 Thailandia
71%
18,9 Cuba
69%
8,66 Ecuador
69%
16,3 Vietnam
65%
22,4 Filippine
59%
65,5 Pakistan
57%
15,1 Sudafrica
57%
10,4 Birmania
45%
33,5 Guatemala
39%
15,8 Egitto
35%
Nessun quiz corrispondente trovato
Distribuzione punteggi
Percentuale di utenti per punteggio
Percentile per numero di risposta
I tuoi punteggi nel tempo
Non hai fatto questo quiz